Подробности
| 000 -МАРКЕР |
| контрольное поле |
01922nam0a2200301 4500 |
| 001 - ИДЕНТИФИКАТОР ЗАПИСИ |
| контрольное поле |
RU\NLR\bibl\1735592 |
| 005 - ИДЕНТИФИКАТОР ВЕРСИИ |
| контрольное поле |
20260408015600.0 |
| 010 ## - МЕЖДУНАРОДНЫЙ СТАНДАРТНЫЙ НОМЕР КНИГИ (ISBN) |
| Номер (ISBN) |
978-5-87627-085-6 |
| Тираж |
500 |
| 021 ## - НОМЕР ГОСУДАРСТВЕННОЙ РЕГИСТРАЦИИ |
| Код страны |
Российская Федерация |
| Номер |
2011-299и |
| Номер Листа государственной регистраци |
47и |
| 035 ## - ДРУГИЕ СИСТЕМНЫЕ НОМЕРА |
| Идентификатор записи |
(NLR Aleph) 001726523 |
| 100 ## - ДАННЫЕ ОБЩЕЙ ОБРАБОТКИ |
| Данные общей обработки |
20110214d2010 |||y0rusy50 ca |
| 101 0# - ЯЗЫК РЕСУРСА |
| Язык текста, звукозаписи и т.д. |
русский |
| 102 ## - СТРАНА ПУБЛИКАЦИИ ИЛИ ПРОИЗВОДСТВА |
| Страна публикации |
Российская Федерация |
| 105 ## - ПОЛЕ КОДИРОВАННЫХ ДАННЫХ: ТЕКСТОВЫЕ МАТЕРИАЛЫ, МОНОГРАФИЧЕСКИЕ |
| Кодированные данные о монографическом текстовом документе |
a ||||||||| |
| 200 1# - ЗАГЛАВИЕ И СВЕДЕНИЯ ОБ ОТВЕТСТВЕННОСТИ |
| Основное заглавие |
Ретроспективная выставка выпускников Строгановки |
| Сведения, относящиеся к заглавию |
[каталог юбилейной выставки] |
| -- |
185 лет МГХПА им. С.Г. Строганова |
| Первые сведения об ответственности |
Моск. гос. худож.-пром. акад. им. С.Г. Строганова |
| Последующие сведения об ответственности |
[вступ. ст.: Стасюк А.Н.] |
| 210 ## - ПУБЛИКАЦИЯ, РАСПРОСТРАНЕНИЕ И ДР. |
| Место издания, распространения и т.д. |
Москва |
| Имя издателя, распространителя и т. д. |
МГХПА |
| Дата издания, распространения и т.д. |
2010 |
| 215 ## - ФИЗИЧЕСКАЯ ХАРАКТЕРИСТИКА |
| Специфическое обозначение материала и объем |
63 с. |
| Другие сведения о физической характеристике |
ил., цв. ил., портр. |
| Размеры |
30 |
| 601 02 - НАИМЕНОВАНИЕ ОРГАНИЗАЦИИ КАК ПРЕДМЕТ |
| Начальный элемент ввода |
Московская государственная художественно-промышленная академия им. С.Г. Строганова |
| Формальный подзаголовок |
Каталоги |
| Тематический подзаголовок |
Выставки |
| Хронологический подзаголовок |
2010 |
| Системный номер авторитетной/нормативной записи |
2621692 |
| Идентификатор авторитетной/нормативной записи |
RU\NLR\auth\661558252 |
| 606 1# - НАИМЕНОВАНИЕ ТЕМЫ КАК ПРЕДМЕТ |
| Наименование темы |
Изобразительное искусство русское советское |
| Формальный подзаголовок |
Каталоги |
| Тематический подзаголовок |
Выставки |
| Географический подзаголовок |
Москва, город |
| Хронологический подзаголовок |
2010 |
| Системный номер авторитетной/нормативной записи |
2618235 |
| Идентификатор авторитетной/нормативной записи |
RU\NLR\auth\661554795 |
| 686 ## - ИНДЕКСЫ ДРУГИХ КЛАССИФИКАЦИЙ |
| Индекс |
Щ101.3(2Р)-2Москва2Московская государственная художественно-промышленная академия им.С.Г.Строганова я26 |
| 686 ## - ИНДЕКСЫ ДРУГИХ КЛАССИФИКАЦИЙ |
| Индекс |
Щ103(2Р=Рус)7я26 |
| 710 02 - НАИМЕНОВАНИЕ ОРГАНИЗАЦИИ - ПЕРВИЧНАЯ ОТВЕТСТВЕННОСТЬ |
| Начальный элемент ввода |
Московская государственная художественно-промышленная академия им. С. Г. Строганова |
| Структурное подразделение |
Ретроспективная выставка выпускников |
| Дата проведения временной организации |
2010 |
| Системный номер авторитетной/нормативной записи |
853681 |
| Идентификатор авторитетной/нормативной записи |
RU\NLR\AUTH\8810178791 |
| 801 #0 - ИСТОЧНИК ЗАПИСИ |
| Страна |
Российская Федерация |
| Организация |
NLR |
| Дата составления |
20110214 |
| Правила каталогизации |
RCR |
| 801 #1 - ИСТОЧНИК ЗАПИСИ |
| Страна |
Российская Федерация |
| Организация |
NLR |
| Дата составления |
20110214 |
| 942 ## - ДОПОЛНИТЕЛЬНЫЕ ЭЛЕМЕНТЫ ЗАПИСИ (АБИС) |
| Тип экземпляра АБИС |
Книга |
| 980 ## - КОЛЛЕКЦИЯ |
| Название коллекции |
Национальная библиография |